Research methods in politics and international relations / (Record no. 171582)

MARC details
000 -LEADER
fixed length control field 00991cam a22002775i 4500
001 - CONTROL NUMBER
control field 21164750
003 - CONTROL NUMBER IDENTIFIER
control field OSt
005 - DATE AND TIME OF LATEST TRANSACTION
control field 20250409130016.0
008 - FIXED-LENGTH DATA ELEMENTS--GENERAL INFORMATION
fixed length control field 190828s2020 cau 000 0 eng
020 ## - INTERNATIONAL STANDARD BOOK NUMBER
International Standard Book Number 9781526419088 (paperback)
024 ## - OTHER STANDARD IDENTIFIER
Terms of availability USD 38.00
040 ## - CATALOGING SOURCE
Original cataloging agency DLC
Language of cataloging eng
Description conventions rda
Transcribing agency DLC
Modifying agency NUST
050 ## - LIBRARY OF CONGRESS CALL NUMBER
Classification number JZ1305 LAM
100 1# - MAIN ENTRY--PERSONAL NAME
Personal name Lamont, Christopher,
Relator term author.
245 10 - TITLE STATEMENT
Title Research methods in politics and international relations /
Statement of responsibility, etc. Christopher Lamont, Mietek Boduszynski.
260 ## - PUBLICATION, DISTRIBUTION, ETC.
Place of publication, distribution, etc. Los Angels : London : New Delhi : Singapore : Washington DC : Melbourne :
Name of publisher, distributor, etc. SAGE,
Date of publication, distribution, etc. 2020.
300 ## - PHYSICAL DESCRIPTION
Extent xvi,229 pages :
Other physical details illustrations ;
Dimensions 24 cm.
336 ## - CONTENT TYPE
Content type term text
Content type code txt
Source rdacontent
337 ## - MEDIA TYPE
Media type term unmediated
Media type code n
Source rdamedia
338 ## - CARRIER TYPE
Carrier type term volume
Carrier type code nc
Source rdacarrier
504 ## - BIBLIOGRAPHY, ETC. NOTE
Bibliography, etc. note Includes bibliographic references and index.
650 ## - SUBJECT ADDED ENTRY--TOPICAL TERM
General subdivision International relations
650 ## - SUBJECT ADDED ENTRY--TOPICAL TERM
General subdivision Politics
700 1# - ADDED ENTRY--PERSONAL NAME
Personal name Boduszynski, Mietek,
Relator term author.
942 ## - ADDED ENTRY ELEMENTS (KOHA)
Source of classification or shelving scheme Library of Congress Classification
Koha item type Ordinary Loan Books
Classification part JZ1305 LAM
Call number prefix JZ
Call number suffix LAM
Suppress in OPAC No
Holdings
Withdrawn status Lost status Source of classification or shelving scheme Damaged status Not for loan Collection Home library Current library Shelving location Date acquired Source of acquisition Cost, normal purchase price Total Checkouts Full call number Barcode Date last seen Accession number Cost, replacement price Price effective from Koha item type Public note
    LCC     NFIC MAIN MAIN GEN 04/09/2025 Book Aid International 38.00   JZ1305 LAM 92004054556 04/09/2025 61365 38.00 04/09/2025 BOOKS Donation
    LCC     NFIC MAIN MAIN GEN 04/09/2025 Book Aid International 38.00   JZ1305 LAM 92004054557 04/09/2025 61364 38.00 04/09/2025 BOOKS Donation
    LCC     NFIC MAIN MAIN GEN 04/11/2025 Book Aid International 38.00   JZ1305 LAM 92004055396 04/11/2025 61292 38.00 04/11/2025 BOOKS Donation